College Quizbowl Stats
College Quizbowl Stats
Circuits
Seasons
Sets
Records
Detailed Stats
About
Loading...
2025 ACF Nationals
Tossups
Bonuses
Players
Teams
Categories (Tossup)
Categories (Bonus)
Thomas Glotfelty
Virginia Tech A
Categories
Category
Powers
Gets
Negs
BBs
Points
Earliest Buzz
Avg. Buzz
First Buzzes
Top 3 Buzzes
Geography
0
2
0
0
20
71
78.50
0
1
Other Academic
0
2
0
0
20
105
118.00
0
0
Science - Chemistry
0
0
0
0
0
0.00
0
0
Science - Physics
0
0
0
0
0
0.00
0
0
Buzzes
Category
Answer
Value
Buzz Position
Geography
South Dakota
10
71
Geography
Calgary
10
86
Other Academic
chewing gum
10
105
Science - Chemistry
cyclohexane
0
130
Science - Physics
particle number
0
131
Other Academic
barrels
10
131
Previous
1
Next